ARRUPE JESUIT UNIVERSITY

CORONAVIRUS -STOP THE SPREAD - CLEAN,DISINFECT,COVER

African theology comes of age : (Record no. 121539)

MARC details
000 -LEADER
fixed length control field 02519cam a2200373 a 4500
001 - CONTROL NUMBER
control field 17664155
003 - CONTROL NUMBER IDENTIFIER
control field ARRUPE
005 - DATE AND TIME OF LATEST TRANSACTION
control field 20150108111124.0
008 - FIXED-LENGTH DATA ELEMENTS--GENERAL INFORMATION
fixed length control field 130319s2010 ke b 000 0 eng c
010 ## - LIBRARY OF CONGRESS CONTROL NUMBER
LC control number 2012313688
020 ## - INTERNATIONAL STANDARD BOOK NUMBER
International Standard Book Number 9966085513
020 ## - INTERNATIONAL STANDARD BOOK NUMBER
International Standard Book Number 9789966085511
035 ## - SYSTEM CONTROL NUMBER
System control number (OCoLC)ocn733578804
040 ## - CATALOGING SOURCE
Original cataloging agency KAT
Language of cataloging eng
Transcribing agency KAT
Modifying agency OSU
-- DLC
042 ## - AUTHENTICATION CODE
Authentication code pcc
-- lcode
043 ## - GEOGRAPHIC AREA CODE
Geographic area code f------
050 00 - LIBRARY OF CONGRESS CALL NUMBER
Classification number BT30.A35
Item number A36 2010
300 ## - PHYSICAL DESCRIPTION
Dimensions 21 cm.
245 00 - TITLE STATEMENT
Title African theology comes of age :
Remainder of title revisiting twenty years of the theology of the Ecumenical Symposium of Eastern Africa Theologians (ESEAT) /
Statement of responsibility, etc editor, Laurenti Magesa.
260 ## - PUBLICATION, DISTRIBUTION, ETC. (IMPRINT)
Place of publication, distribution, etc Nairobi, Kenya :
Name of publisher, distributor, etc Paulines Publications,
Date of publication, distribution, etc c2010.
300 ## - PHYSICAL DESCRIPTION
Extent 176 p. ;
490 1# - SERIES STATEMENT
Series statement Ecumenical Symposium of Eastern Africa Theologians (ESEAT) ;
Volume number/sequential designation no. 5
504 ## - BIBLIOGRAPHY, ETC. NOTE
Bibliography, etc Includes bibliographical references.
505 0# - FORMATTED CONTENTS NOTE
Formatted contents note We still dream, O Lord, for Africa -- Introduction -- 1. Africa's contribution to Christology / Diane B. Stinton -- 2. The future of ecclesiology in Africa / Agbonkhianmeghe E. Orobator -- 3. Moral and ethical issues in African Christianity / Laurent Magesa -- 4. Integrity, transparency and good governance / Therese Tinkasiimire -- 5. "Uncompleted mission?" / Mary N. Getui -- 6. Development and challenges of pastoral care in Africa / Adam K. arap Chepkwony -- 7. Interpretation, message and challenge of the Bible in Africa / Paddy Musana -- 8. A review of theological method and worship / Emily Choge and Daniel M'Mutungi -- 9. Towards reconciliation and healing in Africa / Peter Kanyandago -- 10. The phenomenon of violence in Eastern Africa / Nehemiah Nyaundi -- 11. Democracy and reconciliation: more challenges for African Christianity in the 21st century / Peter Mageto -- 12. More questions than responses? / Cletus N. Chukwu -- 13. Facing the challenge of evil / Paul Christian Kiti -- 14. Globalisation: a theo-religious response / Hazel Ayanga.
630 00 - SUBJECT ADDED ENTRY--UNIFORM TITLE
Uniform title Ecumenical Symposium of Eastern Africa Theologians (ESEAT)
9 (RLIN) 13566
650 #0 - SUBJECT ADDED ENTRY--TOPICAL TERM
Topical term or geographic name as entry element Theology
Geographic subdivision Africa.
9 (RLIN) 8573
650 #0 - SUBJECT ADDED ENTRY--TOPICAL TERM
Topical term or geographic name as entry element Christianity and culture
Geographic subdivision Africa.
9 (RLIN) 13567
651 #0 - SUBJECT ADDED ENTRY--GEOGRAPHIC NAME
Geographic name Africa
General subdivision Religion.
9 (RLIN) 13568
700 1# - ADDED ENTRY--PERSONAL NAME
Personal name Magesa, Laurenti,
Dates associated with a name 1946-
9 (RLIN) 9074
730 0# - ADDED ENTRY--UNIFORM TITLE
Uniform title Ecumenical Symposium of Eastern Africa Theologians (ESEAT)
9 (RLIN) 13569
830 #0 - SERIES ADDED ENTRY--UNIFORM TITLE
Uniform title Ecumenical Symposium of Eastern Africa Theologians (ESEAT) ;
Volume number/sequential designation no. 5.
9 (RLIN) 13570
906 ## - LOCAL DATA ELEMENT F, LDF (RLIN)
a 7
b cbc
c pccadap
d 3
e ncip
f 20
g y-gencatlg
942 ## - ADDED ENTRY ELEMENTS (KOHA)
Source of classification or shelving scheme Library of Congress Classification
Koha item type Monograph ( Printed materials)

No items available.

 

Arrupe Library. PO Box MP320 Mt Pleasant, Harare, Zimbabwe
263 242 745411|librarian@aju.ac.zw